1170 1497 1932 1460 1050 1806 1580 1704 1676 1662 1470 1150 1526 1049 1034 1752 1289 1032 1650 1444 1526 1301 1937 1221 1557 1284 1593 1619 1215 1048 1622 1455 1049 1131 1981 1400 1826 1613 1706 1373 1716 1289 1092 1429 1577 1559 1277 1109 1503 1026 1817 1991 1128 1404 1437 1096 1435 1462 1294 1837 1368 1070 1410 1973 1421 1396 1425 1881 1990 1387 1061 1579 1870 1025 1933 1034 1258 1947 1284 1581 1918 1944 1363 1896 1108 1779 1768 1667 1399 1801 1554 1632 1940 1480 1497 1931 1037 1757 1698 BCNSPRNW ULIB Ver.6.0+V

เปลี่ยนเป็นภาษาไทย

Change to English
 แสดงรายละเอียดบรรณานุกรม
  กลับหน้าหลัก

Brief Record : Get Marc (ISO 2709) : E-mail record : QR code < ปิดหน้าต่าง
LEADER : 00000nam 2200000uu 4500
001    13399121554
003     ULIB
008    020711s2459 th a 000 0 tha d
020    9749416119
090    นว.^bภ283อ
100    กาย เบ็ญจ์
245    ไซอิ๋ว ฉบับการ์ตูน /^cกาย เบ็ญจ์
260    กรุงเทพฯ :^bกิเลนการพิมพ์,^c2459
300    440 หน้า
945    ^p225^l0^i018639
999    ^aทศพร
รายการนี้ยังไม่มีแท็ก
คุณยังไม่ได้ล็อกอิน คุณสามารถมีกิจกรรมร่วมกับเว็บไซต์ได้ แต่ต้องล็อกอินก่อน ::
  ล็อกอิน

รายการสื่อสารสนเทศ

ลำดับที่ ประเภท เลขเรียก/บาร์โค้ด สถานที่ สถานะ
1. นวนิยาย
นวนิยาย
นว. ภ283อ ฉ.1 
  Barcode: 018639
ห้องสมุดวิทยาเขตสวรรค์ประชารักษ์
►นวนิยาย
บนชั้น
  ขอยืม

BibComment


ยังไม่เคยถูกคอมเมนท์

คอมเมนท์ทรัพยากรรายการนี้
  คอมเมนท์: ไซอิ๋ว ฉบับการ์ตู..


 Copyright 2026. Bcnsprnw @Library